|
|
|
|
| LEADER |
00953nam a2200265 a 4500 |
| 001 |
GR-MES5094 |
| 008 |
991111s1994 enk 000 b eng d |
| 020 |
|
|
|a 0907679560
|
| 040 |
|
|
|a GrPaTEI
|b gre
|c GR-PaULI
|
| 245 |
0 |
0 |
|a Business law.
|
| 260 |
|
|
|a London :
|b business education publishers,
|c 1994
|
| 300 |
|
|
|a 702σ.
|
| 650 |
|
4 |
|a Δίκαιο
|
| 650 |
|
4 |
|a ΕΠΙΧΕΙΡΗΜΑΤΙΚΟ ΔΙΚΑΙΟ
|
| 650 |
|
4 |
|a Επιχειρήσεις
|
| 650 |
|
4 |
|a Εργασιακές Σχέσεις
|
| 650 |
|
4 |
|a ΕΥΡΩΠΑΙΚΗ ΚΟΙΝΟΤΗΤΑ
|
| 700 |
1 |
|
|a Bedingfield, J.
|
| 700 |
1 |
|
|a Ellison, J.
|
| 700 |
1 |
|
|a Harrison, T.
|
| 710 |
0 |
|
|a business education publishers
|
| 942 |
|
|
|2 ddc
|
| 952 |
|
|
|0 0
|1 0
|2 ddc
|4 0
|6 346_070000000000000_HAR
|7 0
|9 275658
|a MSLG
|b MSLG
|c BSC
|d 2021-01-17
|e 24
|f 0
|g 0.00
|l 0
|o 346.07 HAR
|p 2420000015052
|r 2021-01-17 00:00:00
|t 1
|w 2021-01-17
|y BK15
|x 19991111 0 1
|x GrPaTEI
|
| 971 |
|
|
|a .b25835609
|b 15-04-20
|c 14-09-16
|
| 999 |
|
|
|c 159743
|d 159743
|